Datum a čas kvízu
39
Celkem bodů
Celkový počet nahraných bodů na tomto kvízu bez doplňovacích otázek.
1.
Pořadí na kvízu
Konečné umístění týmu na tomto kvízu.
Zaznamenané odpovědi
| # | Otázka | Odpověď | Body | Výsledky |
|---|---|---|---|---|
| 1. | Minulý týden navštívil Pražský... | v Polsku, Karol Nawrocki | 1 | |
| 2. | Již poněkolikáté vyhrál volby... | po Adolfu Hitlerovi | 1 | |
| 3. | Která televizní stanice letos... | TV Seznam | 1 | |
| 4. | Která automobilka představila... | Škoda Auto | 0 | |
| 5. | V pondělní dohrávce 12. kola P... | inzultoval spoluhráče (udeřil jej/vlepil mu facku) | 1 | |
| 6. | Seřaďte tyto ostrovy dle rozlo... | 1D 2B 3A 4C | 0 | |
| 7. | Nyní přiřaďte ostrovy ke států... | 1A 2C 3B 4D | 1 | |
| 8. | Kterému ostrovnímu středomořsk... | Kypr | 0 | |
| 9. | Nyní si odskočíme ke kinematog... | Řek Zorba, Anthony Quinn | 1 | |
| 10. | Ke kterému středomořskému ostr... | Elba | 0 |